000 01400nam a2200337 i 4500
003 DO-SdBNP
005 20240826150819.0
007 ta
008 240826b1995 cr d|||| |||| 00| 0 spa d
020 _a997783086X
040 _aDO-SdBNP
_bspa
_cBNPHU
_drda
082 4 _222
245 0 3 _aEl desarrollo sostenible :
_bun desafío a la política económica agroalimentaria /
_ccompiladores, Pablo Araya, Rafael Díaz y Luis Fernando Fernández ; corrección, Guillermo Meléndez ; presentación ; Martín Piñeiro ; prólogo, Carlos Murillo Rodríguez
250 _aPrimera edición
264 _aSan José, Costa Rica :
_bEditorial Departamento Ecuménico de Invenstigaciones (DEI),
_c1995.
300 _a248 páginas :
_bgráficos ;
_c21 cm.
336 _2rdacontent
_atexto
_btxt
337 _2rdamedia
_asin mediación
_bn
338 _2rdacarrier
_avolumen
_bnc
490 _aEcología-Teología
500 _aIncluye referencias bibliográficas y notas al pie de las páginas
590 _aInventariado, 2024/BT
700 1 _aAraya, Pablo,
_ecompilador
_986408
700 1 _aDíaz, Rafael,
_ecompilador
_986409
700 1 _aFernández, Luis Fernando,
_ecompilador
_986410
700 1 _aMeléndez, Guillermo,
_ecorrección
_986411
700 1 _aPiñeiro, Martín,
_epresentación
_986412
700 1 _aMurillo Rodríguez, Carlos,
_eprólogo
_986413
910 _aBtavárez
942 _2ddc
_cLBS1
999 _c57551
_d57551